[Event "GBR-ch89"]
[Site "Torquay"]
[Date "2002.08.08"]
[Round "10"]
[White "Harikrishna, Pentala"]
[Black "Haslinger, Stewart"]
[Result "0-1"]
[WhiteElo "2568"]
[BlackElo "2310"]
[PlyCount "68"]
[EventDate "2002.07.29"]
[EventType "swiss"]
[EventRounds "11"]
[EventCountry "GBR"]
[SourceTitle "BritBase"]
[Source "John Saunders"]
[SourceDate "2008.07.14"]
[SourceVersion "1"]
[SourceVersionDate "2008.07.14"]
[SourceQuality "2"]

1. d4 d5 2. c4 e6 3. Nf3 c6 4. g3 dxc4 5. Bg2 b5 6. O-O Bb7 7. a4 Nd7 8. Nc3 a6
9. Ne5 Nxe5 10. dxe5 Ne7 11. Qxd8+ Kxd8 12. Rd1+ Kc7 13. Ne4 Nd5 14. Bd2 Kb6
15. axb5 axb5 16. Rxa8 Bxa8 17. Ra1 Be7 18. Ba5+ Kb7 19. Nd6+ Bxd6 20. exd6 Nb6
21. e4 Na4 22. e5 Kc8 23. Bc7 Bb7 24. Be4 Nxb2 25. Bc2 Nd3 26. f4 Nb4 27. Bd1
Nd5 28. Ba5 Kd7 29. Bf3 Ra8 30. Bxd5 exd5 31. f5 c5 32. Re1 Rxa5 33. e6+ fxe6
34. fxe6+ Kxd6 0-1

[Event "GBR-ch89"]
[Site "Torquay"]
[Date "2002.08.08"]
[Round "10"]
[White "Howell, David W"]
[Black "Trent, Lawrence"]
[Result "1-0"]
[WhiteElo "2211"]
[BlackElo "2246"]
[PlyCount "149"]
[EventDate "2002.07.29"]
[EventType "swiss"]
[EventRounds "11"]
[EventCountry "GBR"]
[SourceTitle "BritBase"]
[Source "John Saunders"]
[SourceDate "2008.07.14"]
[SourceVersion "1"]
[SourceVersionDate "2008.07.14"]
[SourceQuality "2"]

1. e4 c5 2. c3 b6 3. d4 e6 4. Nf3 Bb7 5. Bd3 Nf6 6. e5 Nd5 7. Be4 Qc7 8. c4 f5
9. Bxd5 exd5 10. O-O cxd4 11. cxd5 Qc5 12. Qxd4 Bxd5 13. Nc3 Bxf3 14. Qxc5 Bxc5
15. gxf3 Nc6 16. f4 O-O-O 17. Re1 Nd4 18. Rd1 Ne6 19. Be3 Rhg8 20. Bxc5 Nxc5
21. Nd5 Kb8 22. h4 Rge8 23. Ne3 Ne6 24. Ng2 g6 25. Rd3 Nf8 26. Rc1 Rc8 27. Rdc3
Rcd8 28. Rd3 Rc8 29. Rdc3 Rxc3 30. Rxc3 Ne6 31. Kh2 Nc5 32. Rc2 d5 33. exd6 Rd8
34. b4 Ne4 35. Rc7 h6 36. f3 Rxd6 37. Rh7 Nd2 38. Rxh6 Nxf3+ 39. Kg3 Rd3 40.
Kf2 Nd2 41. Rxg6 Ne4+ 42. Kg1 Rh3 43. Rg7 a5 44. bxa5 bxa5 45. a4 Ng3 {(=)} 46.
Rf7 Ka8 47. Re7 Rh1+ 48. Kf2 Ne4+ 49. Ke3 Rg1 50. Rg7 Nf6 51. Kd4 Kb8 52. Rg5
Ng4 53. Ne3 Ra1 54. Nxg4 Rxa4+ 55. Ke5 fxg4 56. Rxg4 Rb4 57. Rg3 a4 58. Ra3 Kc7
59. h5 Rb5+ 60. Kf6 Rxh5 61. Rxa4 Kd7 62. Re4 Rh6+ 63. Kg7 Rh4 {(=)} 64. Kg6
Rg4+ 65. Kf6 Rh4 66. Kg5 Rh1 67. f5 Rg1+ 68. Kf6 Rf1 69. Re2 Rf3 70. Kg6 Rf1
71. f6 Kd6 72. Kg7 Rf3 73. f7 Rg3+ 74. Kf8 Ra3 75. Rg2 1-0

[Event "GBR-ch89"]
[Site "Torquay"]
[Date "2002.08.08"]
[Round "10"]
[White "Jones, Gawain C B"]
[Black "Richards, Heather"]
[Result "1-0"]
[WhiteElo "2237"]
[BlackElo "2275"]
[PlyCount "57"]
[EventDate "2002.07.29"]
[EventType "swiss"]
[EventRounds "11"]
[EventCountry "GBR"]
[SourceTitle "BritBase"]
[Source "John Saunders"]
[SourceDate "2008.07.14"]
[SourceVersion "1"]
[SourceVersionDate "2008.07.14"]
[SourceQuality "2"]

1. e4 e6 2. d3 d5 3. Qe2 Nf6 4. Nf3 Be7 5. g3 b5 6. e5 Nfd7 7. Bg2 c5 8. O-O
Nc6 9. c3 a5 10. h4 h6 11. h5 b4 12. c4 Nb6 13. Bf4 a4 14. Nbd2 Bb7 15. Rfd1
Qd7 16. Rac1 O-O 17. cxd5 Nxd5 18. Ne4 Nxf4 19. gxf4 Qd5 20. Qe3 Qxa2 21. Nxc5
Bxc5 22. Qxc5 Qxb2 23. Rb1 Qe2 24. Rd2 Qxd2 25. Nxd2 a3 26. Qb6 a2 27. Ra1 Rfb8
28. Bxc6 Ra6 29. Qc7 1-0

[Event "GBR-ch89"]
[Site "Torquay"]
[Date "2002.08.08"]
[Round "10"]
[White "Koneru, Humpy"]
[Black "Sandipan, Chanda"]
[Result "1/2-1/2"]
[WhiteElo "2473"]
[BlackElo "2507"]
[PlyCount "65"]
[EventDate "2002.07.29"]
[EventType "swiss"]
[EventRounds "11"]
[EventCountry "GBR"]
[SourceTitle "BritBase"]
[Source "John Saunders"]
[SourceDate "2008.07.14"]
[SourceVersion "1"]
[SourceVersionDate "2008.07.14"]
[SourceQuality "2"]

1. d4 d5 2. Nf3 Nf6 3. c4 e6 4. e3 c5 5. cxd5 exd5 6. Nc3 Nc6 7. Be2 a6 8. O-O
Bd6 9. dxc5 Bxc5 10. b3 O-O 11. Bb2 Ba7 12. Rc1 Re8 13. Qd3 d4 14. exd4 Nxd4
15. Nxd4 Qxd4 16. Qxd4 Bxd4 17. Bf3 Rb8 18. Rfd1 Be5 19. h3 Be6 20. Na4 Bxb2
21. Nxb2 h6 22. Na4 Nd7 23. Nc5 Nxc5 24. Rxc5 Kf8 25. Rd6 Rbc8 26. Rxc8 Bxc8
27. Kf1 Ke7 28. Rd2 Rd8 29. Rc2 Kd6 30. Rd2+ Ke7 31. Rc2 Kd6 32. Rd2+ Ke7 33.
Rc2 1/2-1/2

[Event "GBR-ch89"]
[Site "Torquay"]
[Date "2002.08.08"]
[Round "10"]
[White "Kunte, Abhijit"]
[Black "D'Costa, Lorin"]
[Result "1-0"]
[WhiteElo "2477"]
[BlackElo "2254"]
[PlyCount "53"]
[EventDate "2002.07.29"]
[EventType "swiss"]
[EventRounds "11"]
[EventCountry "GBR"]
[SourceTitle "BritBase"]
[Source "John Saunders"]
[SourceDate "2008.07.14"]
[SourceVersion "1"]
[SourceVersionDate "2008.07.14"]
[SourceQuality "2"]

1. d4 Nf6 2. Nf3 g6 3. g3 Bg7 4. Bg2 d5 5. O-O O-O 6. c4 dxc4 7. Na3 c3 8. bxc3
c5 9. e3 Nc6 10. Bb2 Qb6 11. Qe2 Bf5 12. Rfd1 Be4 13. Nc4 Qa6 14. Bf1 Bd5 15.
Nfd2 cxd4 16. cxd4 Ne4 17. Nxe4 Bxe4 18. d5 Nd8 19. Bxg7 Kxg7 20. d6 Nc6 21.
Qb2+ f6 22. dxe7 Nxe7 23. Nd6 Qa4 24. Rd4 Qc2 25. Qxc2 Bxc2 26. Rc1 Bf5 27. Rc7
1-0

[Event "GBR-ch89"]
[Site "Torquay"]
[Date "2002.08.08"]
[Round "10"]
[White "Littlewood, Paul"]
[Black "Berry, Neil"]
[Result "1-0"]
[WhiteElo "2401"]
[BlackElo "2255"]
[PlyCount "97"]
[EventDate "2002.07.29"]
[EventType "swiss"]
[EventRounds "11"]
[EventCountry "GBR"]
[SourceTitle "BritBase"]
[Source "John Saunders"]
[SourceDate "2008.07.14"]
[SourceVersion "1"]
[SourceVersionDate "2008.07.14"]
[SourceQuality "2"]

1. d4 d5 2. c4 c6 3. Nf3 Nf6 4. Nc3 dxc4 5. e3 b5 6. a4 b4 7. Na2 e6 8. Bxc4
Be7 9. O-O O-O 10. Bd2 a5 11. Nc1 Nbd7 12. Nb3 Bb7 13. Rc1 Rc8 14. Qe2 Qb6 15.
e4 c5 16. e5 Nd5 17. Bb5 Bc6 18. Bxc6 Rxc6 19. Qb5 Ra8 20. dxc5 Nxc5 21. Qc4
Rc7 22. Nxc5 Bxc5 23. Qg4 Rac8 24. Rcd1 Be7 25. Bh6 g6 26. h4 Rc4 27. Qg3 Qd8
28. h5 Bf8 29. Bg5 Qd7 30. hxg6 fxg6 31. Bf6 Qe8 32. Nd4 Qf7 33. Bg5 Bc5 34.
Nb5 Qf5 35. Nd6 Bxd6 36. exd6 Rg4 37. d7 Rf8 38. Bh6 Rd8 39. Qd6 Qf7 40. Rfe1
Qe7 41. Qxe6+ Qxe6 42. Rxe6 Rxd7 43. Re5 Nf6 44. Rxd7 Nxd7 45. Rxa5 Rd4 46. Rb5
b3 47. a5 Nf6 48. f3 Rd3 49. Rb7 1-0

[Event "GBR-ch89"]
[Site "Torquay"]
[Date "2002.08.08"]
[Round "10"]
[White "McDonald, Neil R"]
[Black "Thomas, Nicholas"]
[Result "1-0"]
[WhiteElo "2396"]
[BlackElo "2248"]
[PlyCount "73"]
[EventDate "2002.07.29"]
[EventType "swiss"]
[EventRounds "11"]
[EventCountry "GBR"]
[SourceTitle "BritBase"]
[Source "John Saunders"]
[SourceDate "2008.07.14"]
[SourceVersion "1"]
[SourceVersionDate "2008.07.14"]
[SourceQuality "2"]

1. Nf3 f5 2. g3 Nf6 3. Bg2 e6 4. O-O Be7 5. c4 d6 6. d4 O-O 7. Nc3 Ne4 8. Qc2
Nxc3 9. bxc3 Nc6 10. Rb1 e5 11. d5 Na5 12. Qa4 b6 13. Nd2 g5 14. c5 Qe8 15. c6
Qh5 16. Re1 Rf6 17. Nf1 f4 18. f3 Bh3 19. Bxh3 Qxh3 20. Rb2 Kh8 21. Qe4 Raf8
22. c4 fxg3 23. hxg3 Rf4 24. Bxf4 gxf4 25. g4 Bh4 26. e3 fxe3 27. Rxe3 Bg5 28.
Rc3 Rf4 29. Rh2 Qxg4+ 30. fxg4 Rxe4 31. c5 Rxg4+ 32. Rg2 Rxg2+ 33. Kxg2 Be7 34.
cxd6 Bxd6 35. Ne3 Kg8 36. Nf5 Bc5 37. d6 1-0

[Event "GBR-ch89"]
[Site "Torquay"]
[Date "2002.08.08"]
[Round "10"]
[White "Meenakshi, Subbaraman"]
[Black "Knott, Simon JB"]
[Result "0-1"]
[WhiteElo "2266"]
[BlackElo "2367"]
[PlyCount "88"]
[EventDate "2002.07.29"]
[EventType "swiss"]
[EventRounds "11"]
[EventCountry "GBR"]
[SourceTitle "BritBase"]
[Source "John Saunders"]
[SourceDate "2008.07.14"]
[SourceVersion "1"]
[SourceVersionDate "2008.07.14"]
[SourceQuality "2"]

1. d4 Nf6 2. c4 g6 3. d5 Bg7 4. Nf3 O-O 5. g3 d6 6. Bg2 c6 7. O-O cxd5 8. cxd5
Na6 9. Nd4 Bd7 10. Nc3 Qb6 11. Nb3 Rfc8 12. Be3 Qd8 13. Bd4 Qf8 14. Na5 b6 15.
Nc6 Nc7 16. Rc1 Bxc6 17. dxc6 Nfe8 18. Be3 e6 19. a4 d5 20. Qd2 Nd6 21. b3 Nf5
22. Nb5 d4 23. Bf4 e5 24. g4 Nh4 25. Bg3 Nxg2 26. Kxg2 Qd8 27. Qd3 Nd5 28. e4
Nb4 29. Qc4 Nxc6 30. Qd5 Nb4 31. Qxd8+ Rxd8 32. Rc4 Nd3 33. a5 Nc5 34. Nxa7
Nxb3 35. axb6 Nd2 36. Rc7 Nxf1 37. Nc6 d3 38. b7 d2 39. Nxd8 Rxd8 40. Rc8 d1=Q
41. b8=Q Rf8 42. Rxf8+ Bxf8 43. Bxe5 Nd2 44. Bd6 Qf1+ 0-1

[Event "GBR-ch89"]
[Site "Torquay"]
[Date "2002.08.08"]
[Round "10"]
[White "Nixon, Thomas"]
[Black "Saravanan, Venkat"]
[Result "0-1"]
[WhiteElo "2187"]
[BlackElo "2385"]
[PlyCount "48"]
[EventDate "2002.07.29"]
[EventType "swiss"]
[EventRounds "11"]
[EventCountry "GBR"]
[SourceTitle "BritBase"]
[Source "John Saunders"]
[SourceDate "2008.07.14"]
[SourceVersion "1"]
[SourceVersionDate "2008.07.14"]
[SourceQuality "2"]

1. d4 Nf6 2. c4 g6 3. Nc3 Bg7 4. e4 d6 5. f3 O-O 6. Be3 e5 7. Nge2 c6 8. Qd2
Nbd7 9. g4 exd4 10. Nxd4 Ne5 11. Be2 c5 12. Ndb5 Ne8 13. O-O-O Be6 14. Nd5 a6
15. Nbc3 b5 16. h4 Ra7 17. h5 bxc4 18. Nf4 Qa5 19. hxg6 hxg6 20. g5 Rb7 21.
Nfd5 Bxd5 22. exd5 Nc7 23. f4 Rfb8 24. fxe5 Bxe5 0-1

[Event "GBR-ch89"]
[Site "Torquay"]
[Date "2002.08.08"]
[Round "10"]
[White "Pert, Richard"]
[Black "Webb, Laurence"]
[Result "1-0"]
[WhiteElo "2357"]
[BlackElo "2262"]
[PlyCount "43"]
[EventDate "2002.07.29"]
[EventType "swiss"]
[EventRounds "11"]
[EventCountry "GBR"]
[SourceTitle "BritBase"]
[Source "John Saunders"]
[SourceDate "2008.07.14"]
[SourceVersion "1"]
[SourceVersionDate "2008.07.14"]
[SourceQuality "2"]

1. d4 Nf6 2. Bg5 e6 3. e4 h6 4. Bxf6 Qxf6 5. Nc3 Bb4 6. Qd2 d6 7. Nf3 Nc6 8. a3
Ba5 9. Bb5 O-O 10. O-O Bd7 11. Rad1 Rad8 12. Bc4 Bxc3 13. Qxc3 e5 14. dxe5 dxe5
15. Bd5 Rfe8 16. Rd3 Bg4 17. h3 Bxf3 18. Rxf3 Nd4 19. Rxf6 Ne2+ 20. Kh2 Nxc3
21. Bxf7+ Kf8 22. Rf5 1-0

[Event "GBR-ch89"]
[Site "Torquay"]
[Date "2002.08.08"]
[Round "10"]
[White "Ramesh, RB"]
[Black "Rowson, Jonathan"]
[Result "1-0"]
[WhiteElo "2456"]
[BlackElo "2545"]
[PlyCount "125"]
[EventDate "2002.07.29"]
[EventType "swiss"]
[EventRounds "11"]
[EventCountry "GBR"]
[SourceTitle "BritBase"]
[Source "John Saunders"]
[SourceDate "2008.07.14"]
[SourceVersion "1"]
[SourceVersionDate "2008.07.14"]
[SourceQuality "2"]

1. e4 c5 2. Nf3 d6 3. d4 Nf6 4. Nc3 cxd4 5. Nxd4 a6 6. Be3 e5 7. Nb3 Be6 8. f3
h5 9. Qd2 Nbd7 10. O-O-O Rc8 11. Kb1 Be7 12. Bd3 b5 13. f4 Qc7 14. h3 Nb6 15.
f5 Bd7 16. Bxb6 Qxb6 17. g4 b4 18. Nd5 Nxd5 19. exd5 a5 20. Qe2 a4 21. Nd2 a3
22. Ne4 Qd4 23. c3 bxc3 24. Bc2 Qc4 25. Qxc4 Rxc4 26. bxc3 Ba4 27. Nd2 Rf4 28.
Rhf1 hxg4 29. Rxf4 Bxc2+ 30. Kxc2 exf4 31. hxg4 Bf6 32. Nc4 Kd7 33. Nxa3 Rh3
34. Nb5 Be5 35. a4 Kc8 36. a5 Kb7 37. Ra1 Ka6 38. Nc7+ Ka7 39. Ra3 f3 40. Nb5+
Ka6 41. Nc7+ Ka7 42. Kd3 f2+ 43. Ke2 Rf3 44. Ra1 Bxc3 45. Kxf3 Bxa1 46. Kxf2
Be5 47. g5 Bf4 48. Ne6 Bd2 49. Ke2 Bc1 50. g6 fxg6 51. fxg6 Bb2 52. Nd8 Ka6 53.
Nc6 Bc3 54. Kd3 Be1 55. Ke4 Bc3 56. Kf5 Bb2 57. Ke6 Ba3 58. Kf7 Bb2 59. Ne7
Kxa5 60. Nf5 Kb5 61. Nxg7 Kc5 62. Ne8 Bh8 63. Ke6 1-0

[Event "GBR-ch89"]
[Site "Torquay"]
[Date "2002.08.08"]
[Round "10"]
[White "Simpson, James"]
[Black "Tan, Desmond"]
[Result "1/2-1/2"]
[WhiteElo "2245"]
[BlackElo "2292"]
[PlyCount "132"]
[EventDate "2002.07.29"]
[EventType "swiss"]
[EventRounds "11"]
[EventCountry "GBR"]
[SourceTitle "BritBase"]
[Source "John Saunders"]
[SourceDate "2008.07.14"]
[SourceVersion "1"]
[SourceVersionDate "2008.07.14"]
[SourceQuality "2"]

1. d4 Nf6 2. c4 e6 3. Nc3 Bb4 4. Qc2 d5 5. a3 Bxc3+ 6. bxc3 O-O 7. Nf3 c5 8.
cxd5 exd5 9. e3 Nc6 10. Bd3 Re8 11. dxc5 Qa5 12. O-O Bg4 13. Nd4 Qxc5 14. Rb1
Na5 15. Nb3 Nxb3 16. Qxb3 b6 17. c4 Be6 18. cxd5 Bxd5 19. Qb5 Qxb5 20. Bxb5
Red8 21. Bb2 Ne4 22. Rfd1 Bb7 23. f3 Nc5 24. e4 Ba6 25. Bxa6 Nxa6 26. Kf2 f6
27. Ke3 Kf7 28. g4 Nc5 29. h4 g6 30. g5 f5 31. exf5 gxf5 32. Kf4 Nd3+ 33. Kxf5
Rd5+ 34. Ke4 Rad8 35. Rf1 Nxb2 36. Rxb2 Rd4+ 37. Ke3 Rd3+ 38. Kf4 R8d4+ 39. Kg3
Rxa3 40. Rc2 Rd7 41. h5 b5 42. Re1 Rad3 43. Re5 b4 44. Rf5+ Kg8 45. Kg4 Rd8 46.
Rb5 Rf8 47. f4 Rd4 48. Rf2 a6 49. Rb6 a5 50. Ra6 Rd5 51. f5 b3 52. f6 Rb5 53.
f7+ Kh8 54. h6 Rbb8 55. Rb2 Rxf7 56. Rxb3 Rbf8 57. Rxa5 Kg8 58. Rbb5 Rf4+ 59.
Kh5 Rf1 60. Rb4 Rh1+ 61. Rh4 Rxh4+ 62. Kxh4 Kh8 63. Kg4 Kg8 64. Rf5 Rxf5 65.
Kxf5 Kf7 66. Ke5 Kg8 1/2-1/2

[Event "GBR-ch89"]
[Site "Torquay"]
[Date "2002.08.08"]
[Round "10"]
[White "Snape, Ian L"]
[Black "Sowray, Peter J"]
[Result "0-1"]
[WhiteElo "2202"]
[BlackElo "2330"]
[PlyCount "222"]
[EventDate "2002.07.29"]
[EventType "swiss"]
[EventRounds "11"]
[EventCountry "GBR"]
[SourceTitle "BritBase"]
[Source "John Saunders"]
[SourceDate "2008.07.14"]
[SourceVersion "1"]
[SourceVersionDate "2008.07.14"]
[SourceQuality "2"]

1. c4 Nf6 2. Nc3 c5 3. Nf3 d5 4. cxd5 Nxd5 5. e4 Nb4 6. Bc4 Nd3+ 7. Ke2 Nf4+ 8.
Kf1 Ne6 9. Ne5 Qd6 10. f4 Nc6 11. Qa4 g6 12. d4 cxd4 13. Nb5 Qb8 14. Bxe6 Bxe6
15. Nxd4 Qd6 16. Nb5 Qd8 17. Be3 Bg7 18. Kf2 Bxe5 19. fxe5 O-O 20. Rhd1 Qb8 21.
Kg1 Qxe5 22. Bh6 Rfd8 23. Nc3 Qc5+ 24. Kh1 f6 25. Bf4 a6 26. Rxd8+ Rxd8 27. Rd1
Rxd1+ 28. Qxd1 Kf7 29. h3 Qf2 30. Qd2 Qf1+ 31. Kh2 Nb4 32. Nd5 Bxd5 33. exd5
Nd3 34. Bg3 Qf5 35. d6 exd6 36. Bxd6 Qe4 37. Qh6 Ke6 38. Bg3 g5 39. Qf8 Nf4 40.
Qe8+ Kf5 41. Qc8+ Ke5 42. Qe8+ Kd4 43. Qd8+ Ke3 44. Qb6+ Ke2 45. Qf2+ Kd1 46.
b3 f5 47. Qf1+ Kc2 48. Qf2+ Ne2 49. Bd6 Kb2 50. Qc5 Kxa2 51. b4 Nf4 52. Qf2+
Qe2 53. Qg3 Qd2 54. Bc5 Ne6 55. Be3 Qd3 56. Qe5 Qe4 57. Qc3 Nf4 58. Qd2+ Kb3
59. h4 h6 60. hxg5 hxg5 61. g3 Ne6 62. Bxg5 Nxg5 63. Qxg5 Kxb4 64. Qd2+ Kb3 65.
Qd6 a5 66. Qb6+ Ka4 67. Kg1 Qe1+ 68. Kh2 Qb4 69. Qe6 Qb2+ 70. Kh3 Qc2 71. Qb6
Qe4 72. Kh2 Qd5 73. Kg1 Ka3 74. Qe3+ Kb4 75. Qe1+ Kb5 76. Qe8+ Kb6 77. Kh2 Ka7
78. Qa4 Ka6 79. Qe8 b6 80. Qc8+ Kb5 81. Qe8+ Kb4 82. Qe1+ Kc4 83. Qe2+ Kc5 84.
Qe7+ Kc6 85. Qe8+ Kb7 86. Qa4 Qd2+ 87. Kg1 Qe1+ 88. Kg2 Qe2+ 89. Kg1 Qe4 90.
Qd7+ Ka6 91. Qc8+ Kb5 92. Qd7+ Kb4 93. Qd6+ Kc3 94. Kh2 Qe2+ {(at this point
the bulletin says 'and White won on move 107' - wrong on two counts)} 95. Kh3
Qg4+ 96. Kh2 Qd4 97. Qa3+ Kd2 98. Qa2+ Kd3 99. Qb3+ Ke2 100. Qe6+ Qe3 101. Qxf5
a4 102. Qg4+ Kf2 103. Qf5+ Qf3 104. Qc2+ Qe2 105. Qf5+ Ke1+ 106. Kg1 Qe3+ 107.
Kg2 a3 108. Qb1+ Kd2 109. Qa2+ Kd1 110. Qb1+ Qc1 111. Qxb6 Qb2+ 0-1

[Event "GBR-ch89"]
[Site "Torquay"]
[Date "2002.08.08"]
[Round "10"]
[White "Taylor, Peter P"]
[Black "Eames, Robert S"]
[Result "0-1"]
[WhiteElo "2224"]
[BlackElo "2310"]
[PlyCount "74"]
[EventDate "2002.07.29"]
[EventType "swiss"]
[EventRounds "11"]
[EventCountry "GBR"]
[SourceTitle "BritBase"]
[Source "John Saunders"]
[SourceDate "2008.07.14"]
[SourceVersion "1"]
[SourceVersionDate "2008.07.14"]
[SourceQuality "2"]

1. c4 e5 2. g3 Nc6 3. Bg2 f5 4. Nc3 Nf6 5. d3 Bb4 6. Bd2 O-O 7. Nf3 d6 8. O-O
Bxc3 9. Bxc3 Qe8 10. b4 Qh5 11. b5 Nd8 12. e3 f4 13. exf4 Bg4 14. h3 Bxh3 15.
Bxh3 Qxh3 16. Ng5 Qf5 17. fxe5 Ng4 18. Nh3 Ne6 19. Kg2 Nc5 20. exd6 Nxd3 21.
Nf4 Nxf4+ 22. gxf4 Qxf4 23. Qd5+ Kh8 24. Qh5 Rf5 25. Qh4 Rg5 26. Kh1 Qf3+ 27.
Kg1 Rg6 28. Qg3 Ne3 29. Qxg6 hxg6 30. fxe3 Qg3+ 31. Kh1 Qh3+ 32. Kg1 Qg3+ 33.
Kh1 Qh3+ 34. Kg1 Qxe3+ 35. Kg2 Qxc3 36. dxc7 Qb2+ 37. Kg1 Qe5 0-1

[Event "GBR-ch89"]
[Site "Torquay"]
[Date "2002.08.08"]
[Round "10"]
[White "Taylor, Robert M"]
[Black "Lyell, Mark"]
[Result "0-1"]
[WhiteElo "2195"]
[BlackElo "2265"]
[PlyCount "50"]
[EventDate "2002.07.29"]
[EventType "swiss"]
[EventRounds "11"]
[EventCountry "GBR"]
[SourceTitle "BritBase"]
[Source "John Saunders"]
[SourceDate "2008.07.14"]
[SourceVersion "1"]
[SourceVersionDate "2008.07.14"]
[SourceQuality "2"]

1. e4 c6 2. d4 d5 3. f3 e6 4. Nc3 Qb6 5. Nge2 Nf6 6. Ng3 c5 7. dxc5 Bxc5 8. Na4
Qa5+ 9. c3 Bd6 10. f4 Bd7 11. e5 Bxa4 12. b3 Bc5 13. bxa4 Qxc3+ 14. Bd2 Qd4 15.
Bb5+ Nc6 16. Rf1 Ne4 17. Nxe4 dxe4 18. Rc1 O-O-O 19. Qc2 Rd7 20. f5 exf5 21.
Rxf5 Qg1+ 22. Bf1 Be3 23. Bxe3 Qxe3+ 24. Be2 Rhd8 25. Qc5 Rd1+ 0-1

[Event "GBR-ch89"]
[Site "Torquay"]
[Date "2002.08.08"]
[Round "10"]
[White "Willmoth, Robert"]
[Black "Wheeler, John F"]
[Result "1-0"]
[WhiteElo "2198"]
[BlackElo "2235"]
[PlyCount "97"]
[EventDate "2002.07.29"]
[EventType "swiss"]
[EventRounds "11"]
[EventCountry "GBR"]
[SourceTitle "BritBase"]
[Source "John Saunders"]
[SourceDate "2008.07.14"]
[SourceVersion "1"]
[SourceVersionDate "2008.07.14"]
[SourceQuality "2"]

1. e4 e5 2. Nc3 Nc6 3. g3 Bc5 4. Bg2 d6 5. Na4 Bb6 6. Ne2 Nf6 7. O-O O-O 8.
Nxb6 axb6 9. d4 exd4 10. Nxd4 Bd7 11. b3 Re8 12. Re1 d5 13. Nxc6 Bxc6 14. e5
Ne4 15. Bb2 f5 16. a3 Qe7 17. Qd3 Qc5 18. Bd4 Bb5 19. Qd1 Qe7 20. a4 Ba6 21. f3
Ng5 22. Bb2 Rad8 23. Qd2 c5 24. Rad1 d4 25. Qc1 Ne6 26. f4 Nc7 27. c4 dxc3 28.
Qxc3 b5 29. Qc2 g6 30. h3 bxa4 31. bxa4 b6 32. Kh2 Ne6 33. Qb3 Rb8 34. Rd6 c4
35. Qc3 Bb7 36. Qxc4 Bxg2 37. Kxg2 Kf7 38. Red1 Red8 39. Qb5 Qb7+ 40. Kh2 Qf3
41. R1d2 Rxd6 42. exd6 Nc5 43. Qc4+ Kf8 44. Qd4 Rb7 45. Qh8+ Kf7 46. Qxh7+ Ke8
47. Qg8+ Kd7 48. Qf7+ Kc6 49. Qe8+ 1-0

[Event "GBR-ch89"]
[Site "Torquay"]
[Date "2002.08.08"]
[Round "10"]
[White "Wu, Li"]
[Black "Thipsay, Bagyashree"]
[Result "1/2-1/2"]
[WhiteElo "2142"]
[BlackElo "2264"]
[PlyCount "58"]
[EventDate "2002.07.29"]
[EventType "swiss"]
[EventRounds "11"]
[EventCountry "GBR"]
[SourceTitle "BritBase"]
[Source "John Saunders"]
[SourceDate "2008.07.14"]
[SourceVersion "1"]
[SourceVersionDate "2008.07.14"]
[SourceQuality "2"]

1. d4 e6 2. c4 f5 3. g3 Nf6 4. Bg2 d5 5. Nf3 c6 6. O-O Bd6 7. Nc3 O-O 8. Bf4
Be7 9. Qc2 Ne4 10. Rfe1 g5 11. Bc1 Nd7 12. Nd2 Nd6 13. c5 Nf7 14. f4 g4 15. b4
Nf6 16. e3 Nh8 17. Nb3 Ng6 18. Bd2 h5 19. Red1 Kg7 20. Kf2 h4 21. Ke2 Rh8 22.
Rh1 Bd7 23. Rag1 Qc7 24. Be1 Rh6 25. Bf2 Rah8 26. Kd2 Kf7 27. Qb1 b6 28. Rc1
Bc8 29. Qd3 Bb7 1/2-1/2

[Event "GBR-ch89"]
[Site "Torquay"]
[Date "2002.08.09"]
[Round "11"]
[White "Ashton, Adam"]
[Black "Devereaux, Max"]
[Result "1/2-1/2"]
[WhiteElo "2152"]
[BlackElo "2268"]
[PlyCount "52"]
[EventDate "2002.07.29"]
[EventType "swiss"]
[EventRounds "11"]
[EventCountry "GBR"]
[SourceTitle "BritBase"]
[Source "John Saunders"]
[SourceDate "2008.07.14"]
[SourceVersion "1"]
[SourceVersionDate "2008.07.14"]
[SourceQuality "2"]

1. e4 c5 2. Nf3 Nc6 3. Bb5 g6 4. O-O Bg7 5. Re1 e5 6. b4 cxb4 7. a3 Nge7 8.
axb4 O-O 9. Bb2 d6 10. Bxc6 Nxc6 11. b5 Nd4 12. Nxd4 exd4 13. Ra4 Qb6 14. Na3
Bd7 15. Qa1 Bxb5 16. Nxb5 Qxb5 17. Bxd4 Bxd4 18. Qxd4 Rac8 19. Rxa7 Rxc2 20. h3
Qc5 21. Qxc5 dxc5 22. Rxb7 Rd8 23. e5 Rdxd2 24. e6 Rxf2 25. e7 Rxg2+ 26. Kh1
Rh2+ 1/2-1/2

[Event "GBR-ch89"]
[Site "Torquay"]
[Date "2002.08.09"]
[Round "11"]
[White "Buckley, Simon T"]
[Black "Hanley, Craig A"]
[Result "1-0"]
[WhiteElo "2237"]
[BlackElo "2331"]
[PlyCount "115"]
[EventDate "2002.07.29"]
[EventType "swiss"]
[EventRounds "11"]
[EventCountry "GBR"]
[SourceTitle "BritBase"]
[Source "John Saunders"]
[SourceDate "2008.07.14"]
[SourceVersion "1"]
[SourceVersionDate "2008.07.14"]
[SourceQuality "2"]

1. e4 e6 2. d4 d5 3. Nd2 Nf6 4. e5 Nfd7 5. Bd3 c5 6. c3 Nc6 7. Ngf3 g5 8. O-O
g4 9. Ne1 h5 10. Nc2 cxd4 11. cxd4 Qb6 12. Nb3 a5 13. Be3 a4 14. Nc1 Be7 15. f3
Rg8 16. Ne2 f5 17. exf6 Nxf6 18. Nf4 Bd6 19. Bg6+ Ke7 20. Nxh5 g3 21. Qd3 gxh2+
22. Kh1 Nxh5 23. Bxh5 Kd7 24. Qh7+ Ne7 25. Bf7 Rf8 26. Bh6 Nf5 27. Bg6+ Kd8 28.
Bxf5 Rxf5 29. Ne3 Rf8 30. Bxf8 Bxf8 31. Qh8 Qb4 32. Ng4 Kc7 33. Ne5 Bd7 34. Qh7
Be7 35. Rac1+ Bc6 36. Ng6 Re8 37. Qf7 Kd8 38. Nf4 Bg5 39. Nxe6+ Rxe6 40. Qxe6
Bxc1 41. Rxc1 Qxd4 42. Qd6+ Kc8 43. Qa3 Qf4 44. Rd1 Kc7 45. Qc3 Kd6 46. Qd4
Qxd4 47. Rxd4 Ke5 48. Rd1 Kf4 49. Kxh2 Ke3 50. Kg1 Ke2 51. Rd4 Ke3 52. Rb4 d4
53. Kf1 b5 54. Ke1 Bd5 55. Rxb5 Bxa2 56. Rb4 Bd5 57. Rxa4 d3 58. Re4+ 1-0

[Event "GBR-ch89"]
[Site "Torquay"]
[Date "2002.08.09"]
[Round "11"]
[White "D'Costa, Lorin"]
[Black "Emms, John M"]
[Result "1/2-1/2"]
[WhiteElo "2254"]
[BlackElo "2544"]
[PlyCount "27"]
[EventDate "2002.07.29"]
[EventType "swiss"]
[EventRounds "11"]
[EventCountry "GBR"]
[SourceTitle "BritBase"]
[Source "John Saunders"]
[SourceDate "2008.07.14"]
[SourceVersion "1"]
[SourceVersionDate "2008.07.14"]
[SourceQuality "2"]

1. d4 Nf6 2. c4 e6 3. Nf3 b6 4. e3 Bb7 5. Bd3 c5 6. O-O a6 7. b3 Be7 8. Bb2 d6
9. Qe2 Nbd7 10. Nc3 O-O 11. Rac1 Re8 12. e4 cxd4 13. Nxd4 Bf8 14. Bb1 1/2-1/2